thanK you aIMee - Taylor Swift (All Lyrics) - Statistics

General Stats
  • This quiz has been taken 563 times
    549 since last reset
  • The average score is 344 of 411
Answer Stats
Lyrics % Correct
a
100%
A
100%
I
100%
you
100%
you,
100%
so
98%
So
98%
That
98%
that,
98%
that
98%
the
98%
Aimee"
97%
Aimee
97%
my
97%
then
97%
to
97%
home
96%
And
95%
and
95%
is
95%
know
95%
were
95%
But
94%
me
94%
of
94%
us
94%
was
94%
Your
94%
your
94%
say
93%
there
93%
"Fuck
92%
"Thank
92%
Thank
92%
When
92%
when
92%
it
90%
song
90%
All
89%
all
89%
for
89%
mother
89%
night
89%
she
89%
sky
89%
In
88%
in
88%
time
88%
wished
88%
woman
88%
about
87%
can't
87%
dead
87%
kid
87%
only
87%
singin'
87%
statue
87%
There's
87%
there's
87%
comes
85%
day,
85%
hometown
85%
made
85%
one
85%
saintly
85%
somethin'
85%
used
85%
way
85%
be
84%
buildin'
84%
throwin'
84%
two
84%
bronze,
83%
knows
83%
Screamed,
83%
Everyone
82%
forget
82%
this
82%
heal
81%
if
81%
as
80%
feel
80%
punches,
79%
push
79%
up
79%
could
78%
head,
78%
head
78%
picture
78%
at
77%
wouldn't
77%
been
76%
tanned
76%
gonna
75%
hadn't
75%
down
74%
nothin'
74%
real
74%
think
74%
school
73%
always
72%
spray
72%
just
71%
our
71%
same
71%
wrote
71%
name
70%
stairs
70%
pain
69%
changed
68%
songs
68%
still
68%
are
67%
'cause
67%
'Cause
67%
don't
67%
ringin'
67%
undo
67%
words
67%
you've
67%
clues
66%
hill
66%
built
65%
from
65%
legacy
65%
I'd
64%
moment
64%
truth
64%
wasn't
64%
any
63%
blood
63%
Each
63%
each
63%
much
63%
plaque
63%
uncool
63%
find
62%
forgive
62%
gushin'
62%
searing
62%
town,
62%
underneath
62%
defining
61%
here
61%
stars
61%
thousand
61%
pushed
59%
take
59%
couldn't
57%
fair
57%
fight
57%
mind,
57%
boulder
56%
ringing
56%
show
56%
baby
55%
never
55%
or
55%
small
55%
threatens
55%
wait
55%
paper,
54%
looks
52%
step
52%
blue
51%
count
51%
headlines
51%
black
50%
grave
50%
laughing
50%
local
50%
dreamed
49%
spirit
49%
maybe
48%
beat
47%
reframed
47%
across
46%
clean
46%
scars,
46%
kill
45%
prayed
43%
stomped
43%
stunnin'
43%
No matching quizzes found
Score Distribution
Percent of People with Each Score
Percentile by Number Answered
Your Score History
You have not taken this quiz since the last reset